[Event "22nd Open"]
[Site "Cappelle la Grande FRA"]
[Date "2006.02.24"]
[Round "8"]
[White "Shengelia,D"]
[Black "Gozzoli,Y"]
[Result "1/2-1/2"]
[WhiteElo "2562"]
[BlackElo "2464"]
[EventDate "2006.02.18"]

1. d4 Nf6 2. Nf3 g6 3. c4 Bg7 4. g3 O-O 5. Bg2 c6 6. Nc3 d5 7. cxd5 cxd5 8.
Ne5 e6 9. O-O Nfd7 10. f4 Nc6 11. Be3 Nb6 12. b3 Bd7 13. a4 Nc8 14. Bc1
Nxe5 15. fxe5 f6 16. Ba3 Ne7 17. exf6 Rxf6 18. Rxf6 Bxf6 19. e4 Rc8 20. Rc1
Bg5 21. Rc2 dxe4 22. Nxe4 Rxc2 23. Qxc2 Nf5 24. Qd3 Be3+ 25. Kh1 Bc6 26. d5
Bxd5 27. g4 Qh4 28. Qc3 Bc6 29. Nf6+ Kf7 30. Bxc6 bxc6 31. gxf5 Qf2 32.
fxe6+ Kxe6 33. Qxc6+ Kf5 34. Qd7+ Kxf6 35. Be7+ Ke5 36. Bd6+ Ke4 37. Qe6+
Kf3 38. Qf6+ Ke4 39. Qe6+ Kf3 40. Qd5+ Ke2 41. Qc4+ Kf3 42. Qc6+ Ke2 43.
Qc2+ Kf3 44. Qd1+ Ke4 45. b4 Qa2 46. Qg4+ Kd5 47. Qf3+ Kxd6 48. Qxe3 Qxa4
49. Qc5+ Kd7 50. Qd5+ Kc7 51. Qe5+ Kb7 52. Qe7+ Kb6 53. Qc5+ Kb7 54. Qe7+
Kb6 55. Qc5+ 1/2-1/2

[Event "22nd Open"]
[Site "Cappelle la Grande FRA"]
[Date "2006.02.24"]
[Round "8"]
[White "Vysochin,S"]
[Black "Baklan,V"]
[Result "1/2-1/2"]
[WhiteElo "2551"]
[BlackElo "2601"]
[EventDate "2006.02.18"]

1. e4 e6 2. d4 d5 3. exd5 exd5 4. Nf3 Nf6 5. Bd3 Bd6 6. O-O O-O 7. Bg5 Bg4
8. Nbd2 c6 9. c3 Nbd7 10. Qc2 Qc7 11. Rfe1 Rae8 12. h3 Bh5 13. Rxe8 Rxe8
14. Re1 Rxe1+ 15. Nxe1 Bg6 1/2-1/2

[Event "22nd Open"]
[Site "Cappelle la Grande FRA"]
[Date "2006.02.24"]
[Round "8"]
[White "Spraggett,K"]
[Black "Andreev,Ed"]
[Result "1/2-1/2"]
[WhiteElo "2581"]
[BlackElo "2470"]
[EventDate "2006.02.18"]

1. e4 c5 2. Nf3 d6 3. d4 cxd4 4. Nxd4 Nf6 5. Nc3 Nc6 6. Bg5 e6 7. Qd2 a6 8.
O-O-O Bd7 9. f3 h6 10. Be3 b5 11. g4 Nxd4 12. Bxd4 b4 13. Ne2 e5 14. Bf2
Qa5 15. Kb1 Be6 16. Nc1 d5 17. exd5 Nxd5 18. Nb3 Qc7 19. Bd3 Be7 20. Bg3
Bg5 21. Qe2 Nf4 22. Bxf4 Bxf4 23. Qe4 Rb8 24. Nd2 a5 25. Bc4 Bxc4 26. Nxc4
O-O 27. h4 a4 28. b3 Ra8 29. Rd5 Ra6 30. Rhd1 axb3 31. cxb3 Qa7 32. Rd7 Qf2
33. Nb2 Be3 34. Qxe5 Qxf3 35. R7d3 Re6 36. Qf5 Qxf5 37. gxf5 Re4 38. Re1
Rfe8 39. Nc4 Bc5 1/2-1/2

[Event "22nd Open"]
[Site "Cappelle la Grande FRA"]
[Date "2006.02.24"]
[Round "8"]
[White "Riazantsev,A"]
[Black "Zhigalko,S"]
[Result "1-0"]
[WhiteElo "2594"]
[BlackElo "2496"]
[EventDate "2006.02.18"]

1. d4 d5 2. Nf3 e6 3. g3 Nf6 4. Bg2 b5 5. O-O Bb7 6. b3 Nbd7 7. c4 bxc4 8.
bxc4 dxc4 9. Na3 Bd5 10. Qa4 c5 11. Nxc4 cxd4 12. Nxd4 Bxg2 13. Kxg2 Bc5
14. Nc6 Nb6 15. Nxd8+ Nxa4 16. Nb7 O-O 17. Ba3 Rfc8 18. Rac1 Nb6 19. Ncd6
a5 20. Nxf7 Re8 21. Ng5 h6 22. Bb2 1-0

[Event "22nd Open"]
[Site "Cappelle la Grande FRA"]
[Date "2006.02.24"]
[Round "8"]
[White "Guseinov,G"]
[Black "Moroz,A"]
[Result "1-0"]
[WhiteElo "2607"]
[BlackElo "2506"]
[EventDate "2006.02.18"]

1. e4 c5 2. Nf3 e6 3. d4 cxd4 4. Nxd4 a6 5. Nc3 b5 6. g3 Bb7 7. Bg2 b4 8.
Na4 Qa5 9. b3 Nf6 10. O-O Bxe4 11. Bxe4 Nxe4 12. Re1 Nf6 13. Bb2 Be7 14.
Qf3 Ra7 15. h3 d5 16. Qe3 Qc7 17. Rac1 O-O 18. c4 bxc3 19. Bxc3 Qb7 20. Ba5
Bd6 21. Bb6 Ra8 22. Nxe6 Re8 23. Nec5 Rxe3 24. Nxb7 Rxe1+ 25. Rxe1 Bb4 26.
Rc1 Nbd7 27. Bd4 h5 28. Rc6 Ne4 29. Rc7 Ndf6 30. Kg2 a5 31. Nb6 Rb8 32. Nd7
Nxd7 33. Rxd7 Bc3 34. Bxc3 Nxc3 35. a4 Re8 36. Nxa5 Re2 37. Nc6 Ne4 38. a5
Rxf2+ 39. Kg1 Ra2 40. b4 Ra1+ 41. Kg2 Ra2+ 42. Kf3 Ra3+ 43. Kf4 Nxg3 44.
Ke5 f6+ 45. Kd6 f5 46. b5 Ne4+ 47. Ke5 f4 48. Kxf4 Nd2 49. b6 Rf3+ 50. Ke5
Nc4+ 51. Kd4 Rf4+ 52. Kc5 1-0

[Event "22nd Open"]
[Site "Cappelle la Grande FRA"]
[Date "2006.02.24"]
[Round "8"]
[White "Moiseenko,A1"]
[Black "Ovetchkin,R"]
[Result "1-0"]
[WhiteElo "2657"]
[BlackElo "2539"]
[EventDate "2006.02.18"]

1. d4 d6 2. e4 e5 3. Nf3 exd4 4. Nxd4 Nf6 5. Nc3 g6 6. Bf4 Bg7 7. Qd2 O-O
8. O-O-O Re8 9. f3 Nc6 10. Nxc6 bxc6 11. Bc4 Be6 12. Bb3 Qb8 13. e5 Nd5 14.
Nxd5 Bxd5 15. exd6 cxd6 16. c4 Be6 17. Bxd6 Qb6 18. Rhe1 Qa6 19. Qf4 Qa5
20. g4 Rad8 21. Re4 Rxd6 22. Qxd6 Qg5+ 23. Qd2 Qf6 24. f4 Rb8 25. h3 a5 26.
Re5 Qh4 27. Qxa5 h5 28. Qc7 Rc8 29. Qd6 Bxe5 30. Qxe5 hxg4 31. hxg4 Bxg4
32. Rg1 Qh3 33. Bc2 Kf8 34. Bxg6 1-0

[Event "22nd Open"]
[Site "Cappelle la Grande FRA"]
[Date "2006.02.24"]
[Round "8"]
[White "Delchev,A"]
[Black "Zubarev,Al1"]
[Result "1/2-1/2"]
[WhiteElo "2661"]
[BlackElo "2508"]
[EventDate "2006.02.18"]

1. e4 c5 2. Nf3 d6 3. d4 cxd4 4. Nxd4 Nf6 5. Nc3 Nc6 6. Bg5 e6 7. Qd2 a6 8.
O-O-O Bd7 9. f4 h6 10. Bh4 g5 11. fxg5 Ng4 12. Be2 Nge5 13. Nf3 Be7 14. Bf2
hxg5 15. Na4 Nxf3 16. gxf3 Qa5 17. Qxa5 Nxa5 18. Nb6 Rd8 19. Be1 Nc6 20.
Nc4 Bc8 21. Bg3 e5 22. Bf2 Be6 23. Nb6 Nd4 24. Bxd4 exd4 25. Rxd4 Bf6 26.
Rb4 Be5 27. a4 Rh4 28. Bc4 Bh3 29. Nd5 Rd7 30. Rg1 f6 31. Kb1 Rh8 32. Rb3
Kf8 33. Ne3 Rc7 34. Bd5 Bc8 35. Ng4 Bxg4 36. fxg4 Rxh2 37. c3 Rhh7 38. Rb6
Ke8 39. Bg8 Rh8 40. Be6 Kd8 41. Ka2 Rh2 42. Kb3 Re7 43. Bd5 Kc8 44. a5 Rc7
45. Ra1 Kb8 46. Ra4 Ka7 47. Rc4 Rhh7 48. Rxc7 Rxc7 49. Kc2 Rh7 50. b4 Rc7
51. c4 Kb8 52. Kd3 Bf4 53. Ke2 Be5 54. Kd3 Bf4 55. Ke2 Be5 56. b5 axb5 57.
a6 bxc4 58. axb7 c3 59. Ra6 Rxb7 60. Bxb7 Kxb7 61. Ra4 Kc6 62. Rc4+ Kb6 63.
Kd3 Kb5 64. Rc8 Kb4 65. Rc6 Kb5 66. Rc4 Kb6 67. Kc2 Ka6 68. Kb3 Kb5 69. Rc8
Kb6 70. Kb4 Bd4 71. Rc4 Be5 72. Ka4 f5 73. gxf5 g4 74. Kb3 Kb7 75. Rb4+ Kc7
76. Ra4 g3 77. Ra8 Kd7 78. Rg8 Ke7 79. Rg6 Kf7 80. Kc2 Ke7 81. Kd3 Kf7 82.
Ke2 Bf4 83. Kd3 Be5 84. Kc2 Ke7 85. Kb3 Kf7 1/2-1/2

[Event "22nd Open"]
[Site "Cappelle la Grande FRA"]
[Date "2006.02.24"]
[Round "8"]
[White "Gashimov,V"]
[Black "Belikov,V"]
[Result "1-0"]
[WhiteElo "2625"]
[BlackElo "2528"]
[EventDate "2006.02.18"]

1. e4 c5 2. Nc3 e6 3. Nf3 Nc6 4. d4 cxd4 5. Nxd4 Nf6 6. Be2 Bb4 7. O-O Bxc3
8. bxc3 Nxe4 9. Qd3 d5 10. Ba3 Qa5 11. Nb5 a6 12. Nd6+ Nxd6 13. Bxd6 Qd8
14. Qg3 Ne7 15. Qxg7 Rg8 16. Qe5 Nf5 17. Ba3 Qh4 18. f4 Bd7 19. Bf3 O-O-O
20. Rab1 f6 21. Qe2 Qxf4 22. Rxb7 Qe3+ 23. Qxe3 Nxe3 24. Rfb1 Bb5 25. Ra7
Nc4 26. Be7 Nd2 27. Bxd8 Nxf3+ 28. Kh1 Nd2 29. Rxb5 axb5 30. Bxf6 Rg6 31.
Bd4 h5 32. Rh7 Nc4 33. Rxh5 Kd7 34. h3 Kd6 35. g4 e5 36. Bf2 e4 37. Kg2 Rg7
38. Rh6+ Kd7 39. Bd4 Rf7 40. g5 e3 41. g6 Rf2+ 42. Kg3 Rf1 43. g7 Ke7 44.
Kg2 Rf2+ 45. Kg1 Nd2 46. Bxe3 1-0

[Event "22nd Open"]
[Site "Cappelle la Grande FRA"]
[Date "2006.02.24"]
[Round "8"]
[White "Burmakin,V"]
[Black "Sorokin,M"]
[Result "1-0"]
[WhiteElo "2519"]
[BlackElo "2560"]
[EventDate "2006.02.18"]

1. d4 d5 2. g3 Nf6 3. Nf3 c5 4. dxc5 e6 5. Bg2 Bxc5 6. O-O O-O 7. c4 Nc6 8.
Nbd2 Qe7 9. cxd5 exd5 10. Nb3 Bb6 11. Nbd4 Re8 12. e3 Bg4 13. Nxc6 bxc6 14.
b3 Ne4 15. Qc2 Rac8 16. Nd4 c5 17. Ne2 Bf5 18. Qb2 c4 19. Nc3 Nxc3 20. Qxc3
Red8 21. bxc4 d4 22. Qb3 dxe3 23. Bxe3 Rd3 24. Qb5 Bd7 25. Qb1 Rd6 26. Bxb6
Rxb6 27. Qd3 Be6 28. Rfc1 Qc5 29. Qd2 Rd6 30. Qe1 g6 31. Bf1 Rcd8 32. Rc2
Bf5 33. Re2 Bd3 34. Re5 Qa3 35. c5 Rf6 36. Rd1 Rf3 37. Re3 1-0

[Event "22nd Open"]
[Site "Cappelle la Grande FRA"]
[Date "2006.02.24"]
[Round "8"]
[White "Marholev,D"]
[Black "Miroshnichenko,E"]
[Result "1/2-1/2"]
[WhiteElo "2427"]
[BlackElo "2619"]
[EventDate "2006.02.18"]

1. c4 e5 2. g3 Nf6 3. Bg2 h6 4. d3 c6 5. Nf3 Bb4+ 6. Bd2 Bxd2+ 7. Qxd2 Qe7
8. Nc3 O-O 9. O-O Rd8 10. e4 d6 11. d4 Bg4 12. d5 Na6 13. Ne1 cxd5 14. cxd5
Qd7 15. Nd3 Ne8 16. Rfc1 Rdc8 17. f3 Bh3 18. Bxh3 Qxh3 19. Nb5 Qd7 20. a4
Nec7 21. Nxc7 Rxc7 22. Rxc7 Qxc7 23. Rc1 Qb6+ 24. Kg2 Qd4 25. Qc2 Rf8 26.
Rd1 g6 27. b3 h5 28. h4 Re8 29. Nb2 Qb4 30. Nd3 Qb6 31. b4 Re7 32. a5 Rc7
33. Qf2 Qb5 34. Qxa7 Rc2+ 35. Kg1 Nxb4 36. Qb6 Qxb6+ 37. axb6 Nxd3 38. Rxd3
Rb2 39. Rc3 Rxb6 40. Rc8+ Kg7 41. Rd8 f5 42. Rd7+ Kf6 43. Kf2 g5 44. hxg5+
Kxg5 45. Rg7+ Kf6 46. Rd7 f4 47. Kg2 Ra6 48. Rxb7 Ra2+ 49. Kh3 Rf2 50. Rd7
Rxf3 51. Rxd6+ Kg5 52. Re6 Rxg3+ 53. Kh2 Rd3 54. Rxe5+ Kg4 55. Re6 Rd2+ 56.
Kg1 Kf3 57. Rh6 Ke2 58. Rxh5 Rd1+ 59. Kh2 f3 60. Rf5 f2 61. e5 f1=Q 62.
Rxf1 Kxf1 63. Kg3 Ke2 64. e6 Rxd5 65. Kf4 Kd3 66. e7 Rd4+ 1/2-1/2

[Event "22nd Open"]
[Site "Cappelle la Grande FRA"]
[Date "2006.02.24"]
[Round "8"]
[White "Vinsot,R"]
[Black "Kryvoruchko,Y"]
[Result "0-1"]
[WhiteElo "2123"]
[BlackElo "2513"]
[EventDate "2006.02.18"]

1. d4 Nf6 2. c4 c5 3. d5 b5 4. cxb5 a6 5. bxa6 Bxa6 6. Nc3 g6 7. e4 Bxf1 8.
Kxf1 d6 9. Nf3 Bg7 10. g3 O-O 11. Kg2 Nbd7 12. h3 Ra5 13. Re1 Qa8 14. Re2
Nb6 15. Qc2 Na4 16. Nxa4 Rxa4 17. a3 e6 18. Bf4 exd5 19. Bxd6 dxe4 20. Ne1
Rc8 21. Kh2 Nd7 22. Ng2 Be5 23. Bxe5 Nxe5 24. Ne1 Rd4 25. Rd1 Rcd8 26. Rb1
Qd5 27. Qc3 Nc4 28. Rc1 Qh5 29. Rcc2 Qg5 30. b4 cxb4 31. axb4 Nd2 32. Qc5
Qf6 33. Qc3 Qd6 34. Qc5 Qe6 35. Kg2 Nf3 36. Re3 Nd2 37. b5 Nc4 38. Ree2
R8d5 39. Qa7 Kg7 40. Qa1 Qf6 41. Qa6 Qd8 42. Qc6 Ne5 43. Qb7 Rd7 44. Qa6
Nc4 45. Qa1 Qf6 46. Qa6 Qe5 47. Qa8 R7d5 48. Qc6 Rc5 49. Qa8 Rxb5 50. Ra2
Rb8 51. Qc6 Rb6 52. Qa8 Nd6 53. Nc2 Rd1 54. Ne3 Rc1 55. Rec2 Re1 56. Qd5
Qxd5 57. Nxd5 Rbb1 58. g4 g5 59. f4 Red1 60. Rd2 Rg1+ 61. Kh2 Rh1+ 62. Kg3
Rb3+ 63. Kg2 Rhxh3 64. fxg5 Rbg3+ 65. Kf2 e3+ 0-1

[Event "22nd Open"]
[Site "Cappelle la Grande FRA"]
[Date "2006.02.24"]
[Round "8"]
[White "Feller,S"]
[Black "Tseitlin,Ma"]
[Result "1-0"]
[WhiteElo "2301"]
[BlackElo "2475"]
[EventDate "2006.02.18"]

1. c4 e5 2. g3 Nf6 3. Bg2 c6 4. d4 Bb4+ 5. Bd2 Bxd2+ 6. Qxd2 d6 7. Nc3 O-O
8. e3 Be6 9. b3 exd4 10. Qxd4 d5 11. cxd5 cxd5 12. Nge2 Nc6 13. Qd2 Qa5 14.
O-O Rfd8 15. Rac1 Rac8 16. h3 Rc7 17. Rfd1 h6 18. Na4 Rdc8 19. Qxa5 Nxa5
20. Rxc7 Rxc7 21. Nac3 b6 22. g4 Kf8 23. Rd2 Nc6 24. Nb5 Rc8 25. f4 a6 26.
Nbc3 Ne7 27. f5 Bd7 28. Bxd5 b5 29. Bb7 Rb8 30. Bf3 Bc6 31. Kf2 b4 32. Na4
Re8 33. Ng3 Ned5 34. Bxd5 Bxd5 35. Nc5 a5 36. Nd7+ Nxd7 37. Rxd5 Ne5 38.
Ne2 f6 39. Nf4 Ra8 40. Rb5 Ra7 41. Ng6+ Nxg6 42. fxg6 Ke7 43. Kf3 Kd6 44.
Rb8 Kc7 45. Rf8 Kd6 46. Kf4 a4 47. Ke4 axb3 48. axb3 Re7+ 49. Kd4 Re5 50.
Rd8+ Kc6 51. Rg8 h5 52. Rxg7 hxg4 53. hxg4 Rg5 54. Rg8 Rxg4+ 55. Kd3 f5 56.
g7 Kb7 57. Ke2 1-0

[Event "22nd Open"]
[Site "Cappelle la Grande FRA"]
[Date "2006.02.24"]
[Round "8"]
[White "Chernyshov,K"]
[Black "Sumets,A"]
[Result "1/2-1/2"]
[WhiteElo "2539"]
[BlackElo "2457"]
[EventDate "2006.02.18"]

1. d4 d5 2. g3 Nf6 3. Bg2 Bf5 4. Nf3 c6 5. O-O e6 6. Nbd2 Bd6 7. c4 Nbd7 8.
Qb3 Rb8 9. Nh4 Bg4 10. f3 Bh5 11. cxd5 cxd5 12. e4 Bc7 13. e5 g5 14. Nf5
exf5 15. exf6 Nxf6 16. Qe3+ Qe7 17. Qxg5 f4 18. Nb3 fxg3 19. Qh4 Rg8 20.
Bg5 gxh2+ 21. Kh1 Rxg5 22. Qxg5 Kf8 23. Rac1 Bd6 24. Rce1 Qd8 25. Nc5 Bg6
26. Qxf6 Qxf6 27. Nd7+ Kg7 28. Nxf6 Kxf6 29. f4 Rc8 30. Rf2 Rc4 31. Rd1 Be4
32. Kxh2 Bxg2 33. Kxg2 Kf5 34. b3 Rc7 35. Rh1 f6 36. Rh5+ Ke4 37. Re2+ Kxd4
38. Rd2+ Kc3 39. Rhxd5 Bxf4 40. R5d3+ Kb4 41. Rd4+ Kc3 42. R2d3+ Kc2 43.
Kf3 Be5 44. Rd7 Kb2 45. Rxc7 Bxc7 46. Rd7 Bb6 47. Rd2+ Ka3 48. Kg4 Be3 49.
Re2 Bg5 50. Re7 Kxa2 51. Rxb7 a5 52. b4 axb4 53. Rxb4 Ka3 1/2-1/2

[Event "22nd Open"]
[Site "Cappelle la Grande FRA"]
[Date "2006.02.24"]
[Round "8"]
[White "Ovod,E"]
[Black "Kovchan,A"]
[Result "1/2-1/2"]
[WhiteElo "2366"]
[BlackElo "2513"]
[EventDate "2006.02.18"]

1. Nf3 g6 2. c4 Bg7 3. e4 c5 4. d4 d6 5. d5 Nf6 6. Bd3 Bg4 7. Nbd2 O-O 8.
h3 Bxf3 9. Nxf3 e6 10. O-O exd5 11. cxd5 Nh5 12. a4 Nd7 13. Ra3 Rc8 14. Bc4
Nb6 15. Qc2 Rc7 16. Re1 Re8 17. g4 Nf6 18. Bf4 Nxc4 19. Qxc4 h5 20. g5 Nh7
21. b4 cxb4 22. Qxb4 Qc8 23. Bxd6 Rc4 24. Qb1 Qxh3 25. Ne5 Rc3 26. Rxc3
Qxc3 27. Re3 Qc8 28. Nf3 Qg4+ 29. Kf1 Nxg5 30. Nxg5 Qxg5 31. Qxb7 Qg4 32.
e5 Rc8 33. Qb3 Bh6 34. Rg3 Qh4 35. Bc7 Bf4 36. Rf3 Re8 37. Qb5 Rf8 38. d6
Qg4 39. Ke2 Bg5 40. Qc6 Qe6 41. Kf1 h4 42. Qc3 Qd5 43. a5 a6 44. Kg1 Qd1+
45. Kg2 Qd5 46. Kg1 Qd1+ 47. Kg2 Qd5 1/2-1/2

[Event "22nd Open"]
[Site "Cappelle la Grande FRA"]
[Date "2006.02.24"]
[Round "8"]
[White "Degraeve,JM"]
[Black "Sebag,M"]
[Result "1-0"]
[WhiteElo "2553"]
[BlackElo "2415"]
[EventDate "2006.02.18"]

1. c4 Nf6 2. Nc3 e5 3. Nf3 Nc6 4. d4 exd4 5. Nxd4 Bb4 6. Bg5 O-O 7. Rc1 h6
8. Bh4 Ne5 9. e3 Ng6 10. Bxf6 Qxf6 11. Be2 d6 12. O-O Bxc3 13. Rxc3 Qe7 14.
Qd2 Bd7 15. f4 Nh4 16. g3 Nf5 17. Nc2 Bc6 18. Bd3 Be4 19. Bxe4 Qxe4 20. Qd5
Rfe8 21. Kf2 h5 22. Rd1 g6 23. Qxe4 Rxe4 24. Kf3 Rae8 25. Rdd3 Kg7 26. b4
R8e7 27. b5 c5 28. bxc6 bxc6 29. Nb4 c5 30. Nd5 Re8 31. Rd2 f6 32. h3 g5
33. Rdd3 Kg6 34. g4 hxg4+ 35. hxg4 Nh4+ 36. Kg3 Rd8 37. f5+ Kf7 38. Rd2 Rd7
39. Rb2 Re8 40. Rcb3 Re4 41. Rb7 Rxb7 42. Rxb7+ Kf8 43. Rxa7 Rxc4 44. Nxf6
Rc2 45. Nh7+ Ke8 46. Nxg5 1-0

[Event "22nd Open"]
[Site "Cappelle la Grande FRA"]
[Date "2006.02.24"]
[Round "8"]
[White "Zimmerman,Y"]
[Black "Radulski,J"]
[Result "1-0"]
[WhiteElo "2379"]
[BlackElo "2515"]
[EventDate "2006.02.18"]

1. d4 d5 2. c4 e6 3. Nf3 Nf6 4. g3 Be7 5. Bg2 O-O 6. O-O Na6 7. Nc3 dxc4 8.
Ne5 c5 9. dxc5 Qc7 10. Nxc4 Rd8 11. Qb3 Nxc5 12. Qc2 e5 13. Bg5 Be6 14. Ne3
Na6 15. Rac1 Nb4 16. Qb1 Qa5 17. Nf5 Bxf5 18. Qxf5 Nc6 19. e3 g6 20. Qc2
Rd7 21. Rfd1 Nb4 22. Qb3 Nd3 23. Rxd3 Rxd3 24. Qxb7 Re8 25. Bc6 Bf8 26.
Bxf6 Re6 27. Ne4 Qxa2 28. Bd7 Rxd7 29. Qxd7 Qxb2 30. Qd1 Qb5 31. Qc2 Re8
32. Qc6 Qxc6 33. Rxc6 Bg7 34. Ra6 Ra8 35. Bxg7 Kxg7 36. Nc3 h5 37. h4 Rc8
38. Nb5 Rc5 39. Nxa7 f6 40. Rc6 Ra5 41. Rc7+ Kh6 42. Nc8 Ra6 43. Rd7 1-0

[Event "22nd Open"]
[Site "Cappelle la Grande FRA"]
[Date "2006.02.24"]
[Round "8"]
[White "Seeman,T"]
[Black "Peric,Sl"]
[Result "1/2-1/2"]
[WhiteElo "2422"]
[BlackElo "2284"]
[EventDate "2006.02.18"]

1. c4 c6 2. e4 d5 3. cxd5 cxd5 4. exd5 Nf6 5. Nc3 Nxd5 6. Nf3 Nc6 7. Bb5
Nxc3 8. bxc3 Bd7 9. O-O e6 10. d4 Be7 11. Bf4 O-O 12. Qe2 Bf6 13. Rab1 Ne7
14. Bd3 Bc6 15. Ne5 Bxe5 16. Bxe5 Ng6 17. Bg3 Qd5 18. f3 Rfe8 19. Rfe1 Rac8
20. Qe3 Red8 21. Qf2 a6 22. Red1 Qd7 23. Rbc1 Bb5 24. Bb1 Rc4 25. h4 Rdc8
26. h5 Ne7 27. h6 g6 28. d5 Nxd5 29. Be4 f6 30. Bxd5 exd5 31. Qd2 d4 32.
cxd4 Rxc1 33. Rxc1 Rxc1+ 34. Qxc1 Qxd4+ 35. Kh2 Bc6 36. a3 Kf7 37. Qe1 Qd5
38. Qc1 Qh5+ 39. Kg1 g5 40. Qc4+ Kg6 41. Qg8+ Kxh6 42. Qf8+ Kg6 43. Qg8+
1/2-1/2

[Event "22nd Open"]
[Site "Cappelle la Grande FRA"]
[Date "2006.02.24"]
[Round "8"]
[White "Rudolph,A"]
[Black "Petkevich,J"]
[Result "0-1"]
[WhiteElo "2229"]
[BlackElo "2433"]
[EventDate "2006.02.18"]

1. e4 c5 2. Nf3 d6 3. d4 cxd4 4. Nxd4 Nf6 5. Nc3 a6 6. f3 e5 7. Nb3 Be6 8.
Be3 Nbd7 9. g4 Be7 10. g5 Nh5 11. Qd2 Nb6 12. O-O-O Rc8 13. Kb1 O-O 14. Rg1
Qc7 15. Qf2 Nc4 16. Bxc4 Qxc4 17. Bb6 Qc6 18. Na5 Qd7 19. Nd5 Bxd5 20. Rxd5
Nf4 21. Rd2 Nh3 22. Qe3 Nxg1 23. Qxg1 f5 24. gxf6 Rxf6 25. Rg2 g6 26. Nb3
Bf8 27. Rg3 Qf7 28. Nd2 Bh6 29. Be3 Bf4 30. Bxf4 Rxf4 31. a3 Kg7 32. Qe3
Qc7 33. Qd3 b5 34. Nf1 Qc4 35. Qd1 Qc5 36. Qe2 d5 37. Ne3 dxe4 38. fxe4 Kh8
39. Nd1 Qc4 40. Qd2 Qxe4 41. Re3 Qf5 42. Nc3 Rf2 0-1

[Event "22nd Open"]
[Site "Cappelle la Grande FRA"]
[Date "2006.02.24"]
[Round "8"]
[White "Melia,S"]
[Black "Novikov,Ma"]
[Result "1/2-1/2"]
[WhiteElo "2390"]
[BlackElo "2518"]
[EventDate "2006.02.18"]

1. e4 e5 2. Nf3 Nc6 3. Bb5 a6 4. Ba4 d6 5. c3 Bd7 6. d4 g6 7. O-O Bg7 8.
Re1 Nge7 9. d5 Nb8 10. c4 O-O 11. Nc3 h6 12. Bc2 f5 13. b4 a5 14. bxa5 Rxa5
15. Nd2 fxe4 16. Nb3 Ra8 17. c5 Nf5 18. Bxe4 Kh8 19. a4 Qf6 20. Bb1 Qf7 21.
Ra2 Nd4 22. Be3 Nf5 23. Bc1 Na6 24. Ba3 dxc5 25. Nxc5 Nxc5 26. Bxc5 Rfd8
27. Qf3 Be8 28. Be4 Nd4 29. Qg3 b6 30. Bb4 c6 31. dxc6 Nxc6 32. Rb2 Rab8
33. Ba3 Nd4 34. Nb5 Qe6 35. Nc7 Qc4 36. Nxe8 Ne2+ 37. Rbxe2 Qxe2 38. f3 Rd1
39. Rxd1 Qxd1+ 40. Kf2 Qd2+ 41. Kf1 Qd1+ 42. Kf2 Qd2+ 1/2-1/2

[Event "22nd Open"]
[Site "Cappelle la Grande FRA"]
[Date "2006.02.24"]
[Round "8"]
[White "Erenburg,S"]
[Black "Rojas,L"]
[Result "1-0"]
[WhiteElo "2573"]
[BlackElo "2423"]
[EventDate "2006.02.18"]

1. e4 e6 2. d4 d5 3. Nd2 c5 4. Ngf3 cxd4 5. exd5 exd5 6. Bb5+ Bd7 7. Bxd7+
Qxd7 8. O-O Nf6 9. Nb3 Be7 10. Ne5 Qc8 11. Nxd4 O-O 12. Qf3 Nc6 13. Nexc6
bxc6 14. Nf5 Qe6 15. Bh6 g6 16. Nxe7+ Qxe7 17. Rfe1 Qd6 18. Bxf8 Rxf8 19.
Rad1 Rb8 20. b3 a5 21. Qc3 Rb4 22. Qe5 Qxe5 23. Rxe5 a4 24. Re7 Ne4 25. a3
Rb6 26. bxa4 Rb2 27. a5 Ra2 28. f3 Nc3 29. Rde1 Rxa3 30. Rc7 Rxa5 31. Ree7
Nb5 32. Rcd7 Ra1+ 33. Kf2 Ra2 34. Rxf7 Rxc2+ 35. Kg3 Nd6 36. Rg7+ Kf8 37.
Rxh7 Nf5+ 38. Kf4 Kg8 39. g4 Rc4+ 40. Kg5 Nd4 41. Rdg7+ Kf8 42. Kf6 1-0

[Event "22nd Open"]
[Site "Cappelle la Grande FRA"]
[Date "2006.02.24"]
[Round "8"]
[White "Danielian,E"]
[Black "Brodsky,M"]
[Result "1-0"]
[WhiteElo "2423"]
[BlackElo "2581"]
[EventDate "2006.02.18"]

1. d4 Nf6 2. Nf3 e6 3. e3 b6 4. Bd3 Bb7 5. O-O c5 6. c4 Be7 7. Nc3 cxd4 8.
exd4 d5 9. cxd5 Nxd5 10. Ne5 O-O 11. Qh5 g6 12. Qh3 Nxc3 13. bxc3 Nd7 14.
Bh6 Re8 15. Bb5 Nxe5 16. dxe5 Qc7 17. Bxe8 Rxe8 18. Qg3 Rc8 19. Bg5 Bf8 20.
Rfd1 h6 21. Be3 Bd5 22. h4 Bg7 23. Bd4 h5 24. a4 Bh6 25. Be3 Bg7 26. Bf4
Qc5 27. c4 Qxc4 28. Rac1 Qa6 29. Rxc8+ Qxc8 30. Rc1 Qd7 31. Bg5 Bb7 32. Bf6
Bh6 33. Bg5 Bg7 34. a5 b5 35. a6 Bxa6 36. Qa3 Bb7 37. Qd6 Qe8 38. Rc7 Bd5
39. Rd7 Bxe5 40. Qxe5 Qxd7 41. Qf6 Kh7 42. Bh6 1-0

[Event "22nd Open"]
[Site "Cappelle la Grande FRA"]
[Date "2006.02.24"]
[Round "8"]
[White "Rodriguez Guerrero,E"]
[Black "Yagupov,I"]
[Result "0-1"]
[WhiteElo "2464"]
[BlackElo "2534"]
[EventDate "2006.02.18"]

1. e4 c5 2. Nf3 e6 3. d4 cxd4 4. Nxd4 a6 5. Be2 Nf6 6. Nc3 d6 7. O-O Nc6 8.
Be3 Be7 9. f4 Qc7 10. Kh1 O-O 11. a4 Re8 12. Bf3 Bf8 13. Nb3 b6 14. a5 bxa5
15. e5 dxe5 16. fxe5 Rd8 17. Qe1 Nd5 18. Nxd5 exd5 19. Bf4 Rb8 20. Qe2 Rb5
21. Ra4 Be6 22. Rd1 Rdb8 23. Bg3 g6 24. Rd3 Bg7 25. Rc3 Rb4 26. Ra1 Rc4 27.
Qd2 Bxe5 28. Rxc4 dxc4 29. Nc5 Bc8 30. Re1 Bxg3 31. Re8+ Kg7 32. hxg3 f6
33. Qd5 Ne7 34. Qe6 Bxe6 35. Nxe6+ Kf7 36. Nxc7 Rxe8 37. Nxe8 Kxe8 38. Be2
c3 39. bxc3 Nd5 40. Bxa6 Nxc3 41. Bc4 a4 0-1

[Event "22nd Open"]
[Site "Cappelle la Grande FRA"]
[Date "2006.02.24"]
[Round "8"]
[White "Zinchenko,Ya"]
[Black "Spoelman,W"]
[Result "0-1"]
[WhiteElo "2501"]
[BlackElo "2376"]
[EventDate "2006.02.18"]

1. e4 c5 2. Nf3 d6 3. d4 cxd4 4. Nxd4 Nf6 5. Nc3 a6 6. Be2 e5 7. Nb3 Be7 8.
O-O O-O 9. a4 Be6 10. Bf3 Nbd7 11. a5 b5 12. axb6 Nxb6 13. Na5 Qc8 14. Re1
Nc4 15. Nxc4 Qxc4 16. Bd2 Qc6 17. b3 Rfd8 18. Ra5 Rd7 19. Qe2 Bd8 20. Ra2
Bb6 21. Rea1 a5 22. Qb5 Qb7 23. Kf1 Rc8 24. Na4 Bd4 25. Qxb7 Rxb7 26. Rd1
Rbc7 27. Be3 Rxc2 28. Rxc2 Rxc2 29. Bxd4 exd4 30. Rxd4 Bxb3 31. e5 Rc4 32.
Rd2 Rxa4 33. exf6 Bc4+ 34. Ke1 Ra1+ 35. Bd1 d5 36. fxg7 Bb3 37. Ke2 Bxd1+
38. Rxd1 Rxd1 39. Kxd1 d4 40. Kc2 a4 0-1

[Event "22nd Open"]
[Site "Cappelle la Grande FRA"]
[Date "2006.02.24"]
[Round "8"]
[White "Psakhis,L"]
[Black "Leon Hoyos,M"]
[Result "1-0"]
[WhiteElo "2534"]
[BlackElo "2428"]
[EventDate "2006.02.18"]

1. d4 d6 2. Nf3 Bg4 3. c4 Nd7 4. g3 Bxf3 5. exf3 g6 6. Nc3 Bg7 7. Be3 c5 8.
d5 Ngf6 9. Bh3 a6 10. a4 Qb6 11. b3 Ne5 12. O-O h5 13. Bd2 Nfd7 14. f4 Ng4
15. a5 Qc7 16. Bxg4 hxg4 17. Qxg4 Nf6 18. Qf3 Qd7 19. h4 Qf5 20. Kg2 O-O-O
21. Rae1 Rhe8 22. Na4 e6 23. Bc3 Kb8 24. Nb6 Re7 25. b4 cxb4 26. Bxb4 Rc7
27. Bc3 Rc5 28. Rb1 e5 29. fxe5 Qxf3+ 30. Kxf3 Nxd5 31. Nxd5 dxe5 32. Bb4
Rxc4 33. Ne3 e4+ 34. Kg2 Rc6 35. Rfc1 Rxc1 36. Rxc1 Rd3 37. Bc5 f5 38. Bb6
Bc3 39. h5 gxh5 40. Nxf5 1-0

[Event "22nd Open"]
[Site "Cappelle la Grande FRA"]
[Date "2006.02.24"]
[Round "8"]
[White "Gharamian,T"]
[Black "Kurnosov,I"]
[Result "1/2-1/2"]
[WhiteElo "2425"]
[BlackElo "2517"]
[EventDate "2006.02.18"]

1. e4 c5 2. Nf3 d6 3. Bb5+ Nd7 4. d4 Ngf6 5. Nc3 cxd4 6. Qxd4 e5 7. Qd3 h6
8. Be3 Be7 9. Bc4 a6 10. a4 Qa5 11. O-O Nc5 12. Bxc5 Qxc5 13. Nd5 Nxd5 14.
Qxd5 Qxd5 15. Bxd5 Rb8 16. Rfd1 Be6 17. Rd3 Kd7 18. Bxe6+ Kxe6 19. Nd2 Rhd8
20. c4 b5 21. axb5 axb5 22. f3 Rdc8 23. b3 Bd8 24. Rd5 bxc4 25. Nxc4 Rc6
26. Rad1 Bb6+ 27. Nxb6 Rbxb6 28. R1d3 Rc2 29. h4 h5 30. Kh2 Rb2 31. Kh3 g6
32. g4 hxg4+ 33. Kxg4 f5+ 34. exf5+ gxf5+ 35. Kg3 e4 36. fxe4 fxe4 37. R3d4
e3 38. b4 R2xb4 39. Rxd6+ Rxd6 40. Rxb4 1/2-1/2

[Event "22nd Open"]
[Site "Cappelle la Grande FRA"]
[Date "2006.02.24"]
[Round "8"]
[White "Rozentalis,E"]
[Black "Abergel,T"]
[Result "1-0"]
[WhiteElo "2582"]
[BlackElo "2426"]
[EventDate "2006.02.18"]

1. e4 c5 2. Nf3 Nc6 3. Bb5 d6 4. d4 cxd4 5. Qxd4 Bd7 6. Bxc6 Bxc6 7. Nc3
Nf6 8. Bg5 e6 9. O-O-O Be7 10. Rhe1 Qa5 11. Kb1 Qa6 12. Nd5 exd5 13. exd5
Bxd5 14. Bxf6 Bxa2+ 15. Kc1 gxf6 16. Qxf6 O-O-O 17. Rxe7 Be6 18. Nd4 Qa1+
19. Kd2 Qa5+ 20. c3 Rhe8 21. Nxe6 Rxe7 22. Qxe7 fxe6 23. Qxe6+ Kc7 24. f4
Qb6 25. Qc4+ Kb8 26. Kc2 d5 27. Rxd5 Qg6+ 28. Kb3 Rc8 29. Qe2 Re8 30. Re5
Rd8 31. f5 Qc6 32. g4 Qb6+ 33. Qb5 Qc7 34. Rd5 Rxd5 35. Qxd5 Qb6+ 36. Kc2
Qf2+ 37. Qd2 1-0